Administración de documentos y archivos : planteos para el siglo XXI /

Obra en que se explican los conceptos y términos de la archivonomía tradicional con la finalidad de proponer que sean usados en archivos contemporáneos, de manera que la burocracia se apoye en sus sistemas para ofrecer un mejor servicio en la tramitación y circulación de la información, y así, democ...

وصف كامل

محفوظ في:
التفاصيل البيبلوغرافية
المؤلف الرئيسي: Vázquez Murillo, Manuel (autor)
التنسيق: كتاب
اللغة:الإسبانية
منشور في: Buenos Aires, Argentina : Alfagrama, 2004, c2004
الموضوعات:
الوسوم: إضافة وسم
لا توجد وسوم, كن أول من يضع وسما على هذه التسجيلة!

MARC

LEADER 00000nam^a2200000^a^4500
001 000187130
005 20250521000000.0
009 20260310102250.987
020 |a 987-95615-6-2 
037 |a Acervo ITESO - Biblioteca 
041 |a ESP 
082 |a 025.  |b VAZ 
100 |a Vázquez Murillo, Manuel  |e (autor) 
240 1 1 |a [Introducción a la archivología: guía de estudio] 
245 1 0 |a Administración de documentos y archivos :  |b planteos para el siglo XXI /  |c M. Vázquez Murillo. 
264 4 |a Buenos Aires, Argentina :  |b Alfagrama,  |c 2004, c2004 
300 |a 140 p. 
336 |a texto  |b txt  |2 rdacontenido 
337 |a sin mediación  |b n  |2 rdamedio 
338 |a volumen  |b nc  |2 rdasoporte 
520 |a Obra en que se explican los conceptos y términos de la archivonomía tradicional con la finalidad de proponer que sean usados en archivos contemporáneos, de manera que la burocracia se apoye en sus sistemas para ofrecer un mejor servicio en la tramitación y circulación de la información, y así, democratizar la sociedad. 
649 |a XX 
650 |a Democratización 
650 |a Administración Pública 
650 |a Información -  |x Clasificación 
650 |a Información -  |x Administración 
650 |a Documentos -  |x Clasificación 
650 |a Documentos -  |x Administración 
650 |a Archivos -  |x Clasificación 
650 |a Archivos -  |x Administración 
650 |a Sistemas de Información 
650 |a Documentación 
650 |a Biblioteconomía 
910 |a Fondo General 
920 |a Impresos - Libros 
930 |a Obras de Referencia 
940 |a Biblioteconomía 
905 |a 102 
901 |a 0500129096  |b IT2  |c REF  |u 20250521 
902 |a https://opac.biblio.iteso.mx/vufind/Record/000187130